000 00282nam a22001337a 4500
008 170315b xxu||||| |||| 00| 0 eng d
020 _a0646000998
041 _aeng
080 _a611
100 _a7
101 _aSHM
245 _aANATOMY AND PHYSIOLOGY
_cBARNES
942 _2udc
_cBK
999 _c7899
_d7899